Państwa z roszczeniami terytorialnymi na Antarktydzie - Statystyki

Ogólne statystyki
  • Ten quiz został rozwiązany 80 razy
  • Średni wynik to 6 z 7
Statystyki odpowiedzi
Państwa % Poprawnych
Argentyna
91%
Australia
90%
Nowa Zelandia
88%
Chile
87%
Wielka Brytania
82%
Francja
72%
Norwegia
71%
Nie znaleziono quizów pasujących do podanych kryteriów
Rozkład punktacji
Procent ludzi z każdym wynikiem
Percentyl według liczby udzielonych odpowiedzi
Twoja historia wyników
Nie rozwiązałeś tego quizu